European Views and Policies Toward the Middle East.

Examines and discusses European views and policies toward the Middle East. Describes underlying drivers of European views, including impact of history, geographic and demographic differences, economic ties with Middle East countries, and perceptions of the Bush Administration; European perspectives...

Full description

Bibliographic Details
Corporate Authors: Library of Congress. Congressional Research Service, ProQuest (Firm)
Format: eBook
Language:English
Published: [Place of publication not identified] : [publisher not identified], 2003.
Series:U.S. Congressional Research.
Subjects:
Online Access:Connect to the full text of this electronic book

MARC

Tag First Indicator Second Indicator Subfields
LEADER 00000cam a22000001a 4500
001 in00003353213
006 m d f
007 cr bn mmmapmmp
008 100727s2003 dcu o f000 0 eng d
005 20260429205009.1
035 |a cis2007902106 
040 |a ProQuest  |c ProQuest  |d UtOrBLW 
043 |a n-us--- 
099 |a CRS-2003-FDT-0942 
110 2 |a Library of Congress.  |b Congressional Research Service. 
245 1 0 |a European Views and Policies Toward the Middle East. 
264 1 |a [Place of publication not identified] :  |b [publisher not identified],  |c 2003. 
300 |a 1 online resource. 
336 |a text  |b txt  |2 rdacontent 
337 |a computer  |b c  |2 rdamedia 
338 |a online resource  |b cr  |2 rdacarrier 
500 |a Record is based on bibliographic data in ProQuest U.S. Congressional Research Digital Collection (last viewed July 2010). Reuse except for individual research requires license from ProQuest, LLC. 
500 |a CRS Report. 
520 |a Examines and discusses European views and policies toward the Middle East. Describes underlying drivers of European views, including impact of history, geographic and demographic differences, economic ties with Middle East countries, and perceptions of the Bush Administration; European perspectives on key policy gaps with the U.S. regarding Iraq, the Israeli-Palestinian conflict, Iran, and counterterrorism; Administration and Congressional views on Middle East issues; and effects on the broader transatlantic relationship. 
500 |a Electronic resource. 
650 0 |a Arab-Israeli conflict. 
650 0 |a International economic relations. 
650 0 |a International relations. 
655 7 |a Electronic books.  |2 local 
710 2 |a ProQuest (Firm) 
776 0 8 |i Microfiche version:   |a Library of Congress. Congressional Research Service.  |t European Views and Policies Toward the Middle East 
830 0 |a U.S. Congressional Research. 
856 4 0 |u http://proxy.library.tamu.edu/login?url=https://congressional.proquest.com/congcomp/getdoc?CRDC-ID=CRS-2003-FDT-0942  |z Connect to the full text of this electronic book  |t 0 
999 |a MARS 
999 f f |s 8974a51b-5377-367e-a1b0-8e918b785738  |i 4aea15c2-aa61-37ad-bc2a-761d116c9a60  |t 0 
952 f f |a Texas A&M University  |b College Station  |c Electronic Resources  |s www_evans  |d Available Online  |t 0  |e CRS-2003-FDT-0942  |h Other scheme 
998 f f |a CRS-2003-FDT-0942  |t 0  |l Available Online